| 000 | 00505nam a2200181Ia 4500 | ||
|---|---|---|---|
| 001 | 8792 | ||
| 005 | 20260306160636.0 | ||
| 008 | 260306t2017||||xx |||||||||||||| ||spa|| | ||
| 041 | _aESP | ||
| 082 |
_a371.334 _bW17 |
||
| 100 |
_aWaidler, Liliana _eAUT |
||
| 245 | 0 |
_aIntegración de las TIC en la educación infantil: _bla comunicación, eje transversal del proyecto institucional |
|
| 260 | _c2017 | ||
| 300 |
_a164 páginas : _c24 cm. |
||
| 650 | _aGEN | ||
| 654 | _aCED | ||
| 942 |
_cLIB _dJUS _fJUS _2ddc _n |
||
| 999 |
_c8792 _d8792 |
||